| 000 | 00352pam a2200133a 44500 | ||
|---|---|---|---|
| 008 | 230405s2011 xxu||||| |||| 00| 0 eng d | ||
| 020 |
_a9350252015 _cRs. 175 |
||
| 082 |
_a616.89 _bSRE |
||
| 100 | _aSreevani, R. | ||
| 245 | _aMental Health Nursing Practical Record Book | ||
| 260 |
_aNew Delhi _bJaypee Pub _c2011 |
||
| 300 | _a284 p | ||
| 906 | _a000415 | ||
| 999 |
_c249161 _d249161 |
||